| 000 | 00650nam a22001577a 4500 | ||
|---|---|---|---|
| 003 | OSt | ||
| 005 | 20151003090146.0 | ||
| 008 | 151003b xxu||||| |||| 00| 0 eng d | ||
| 040 | _cRUA | ||
| 082 | _aAVM HEM 1995 B068 Or.1 | ||
| 100 |
_91832 _aHEM, PHARAT. |
||
| 245 | _aFeed effeciency in pig husbandry at km 11 pig breeding center, ប្រសិទ្ធភាពចំណីក្នុងវិស័យចិញ្ចឹមជ្រូកនៅមជ្ឍមណ្ឌលចិញ្ចឹមជ្រូកពូជគីឡូម៉ែតលេខ១១ | ||
| 260 |
_aPhnom Penh _bRUA _c1995 |
||
| 300 |
_a78p. _bill. _c29cm. |
||
| 942 |
_2ddc _cAVM |
||
| 999 |
_c1729 _d1729 |
||